A casa dos horrores (Record no. 44849)

MARC details
000 -Etiqueta do registo
Valores 00758nam a2200253 4500
010 ## - Número ISBN
ISBN 9789720041692
021 ## - Número do Depósito Legal
Número 282506/08
100 ## - Dados gerais de processamento
Dados gerais 20100308d2008 m y0pory5003 ba
101 1# - Língua de publicação
Língua por
102 ## - País de publicação
País PT
200 1# - Titulo e menção de responsabilidade
Título próprio A casa dos horrores
Informação de outro título a terrível verdade sobre a história de Josef Fritzl
Primeira menção de responsabilidade Nigel Cawthorne
Outras menções de responsabilidade trad. Vítor Guerreiro
205 ## - Menção da edição
Edição 1.ª ed.
210 #9 - Publicação
Local de publicação Porto
Nome do editor Porto Editora,
Data de publicação 2008
215 ## - Descrição física 
Paginação / Volumes 230 p., [8] p. il.
Outras indicações físicas il.
Dimensões 24 cm
304 ## - Nota relativa ao título
Texto de nota Tít. orig.: House of horrors
675 ## - CDU
Notação 343.91(436)"2008"
Edição BN
Língua por
675 ## - CDU
Notação 929Fritzl, Josef
Edição BN
Língua por
675 ## - CDU
Notação 821.111-94"20"
Edição BN
Língua por
700 #1 - Autor principal
Apelido Cawthorne,
Nome Nigel
702 #1 - Autor secundário
Apelido Guerreiro,
Nome Vítor
Função 730
801 #0 - Fonte de origem
País PT
Agência BN
Regras de catalogação RPC
990 ## - Elementos KOHA
Tipo de documento Livro
Holdings
Aquisição Empréstimo Código de barras Cota Permissão de empréstimo Tipo de documento
Biblioteca Itinerante Biblioteca Itinerante 055025 343.91 CAW   Livro

Powered by Koha